Brontorina /

Brontorina vorrebbe tanto ballare, ma è un dinosauro, ed è decisamente troppo grande per la Scuola di danza di Madame Lucilie! E poi non ha le scarpe adatte. La soluzione però esiste, basta crederci davvero (e usare un pizzico di fantasia). Età di lettura: da 4 anni.

Guardat en:
Dades bibliogràfiques
Autor principal: Howe, James (Autor)
Altres autors: Cecil, Randy (Illustrador), Ragusa, Sara (Traductor)
Format: Llibre
Idioma:italià
Publicat: Milano : Terre di mezzo, 2017
Etiquetes: Afegir etiqueta
Sense etiquetes, Sigues el primer a etiquetar aquest registre!

MARC

LEADER 00000nam a22000007i 4500
001 IT\ICCU\LO1\1688279
003 ItRI
005 20260115232123.0
008 171012s2017 it |||||| ||||| |||||c
020 |a 9788861894341 
040 |b ita  |c importazione bologna sebina 
041 7 |a ita  |2 ISO-639-2 
082 |a 808.899282  |9 RACCOLTE DI PIU DI DUE LETTERATURE PER E DI ragazzi  |2 23 
100 1 |a Howe, James  |0 IT\ICCU\CFIV\107759  |4 aut 
240 1 0 |a Brontorina  |3 IT\ICCU\LO1\1688282  |9 Howe, James 
245 1 0 |a Brontorina /  |c James Howe e Randy Cecil. 
260 |a Milano :  |b Terre di mezzo,  |c 2017 
300 |a 1 volume (senza paginazione) :  |b interamente ill. ;  |c 28 cm 
500 |a Traduzione: Sara Ragusa 
520 |a Brontorina vorrebbe tanto ballare, ma è un dinosauro, ed è decisamente troppo grande per la Scuola di danza di Madame Lucilie! E poi non ha le scarpe adatte. La soluzione però esiste, basta crederci davvero (e usare un pizzico di fantasia). Età di lettura: da 4 anni. 
700 1 |a Cecil, Randy  |0 IT\ICCU\PUVV\326363  |4 ill 
700 1 |a Ragusa, Sara  |0 IT\ICCU\LO1V\358470  |4 trl 
942 |2 ddc  |c BK  |n 0 
952 |0 0  |1 0  |4 0  |6 R_813_600000000000000_HOW  |7 0  |9 20402  |a BO  |b BO  |d 2026-01-15  |i 18800  |l 0  |o R 813.6 HOW  |p BO18800  |r 2026-01-15 23:21:23  |w 2026-01-15  |x [Sebina 5] [1 v.]  |y BK  |z 1 v. 
999 |c 17409  |d 17409